Economics / (Record no. 3239)

000 -LEADER
fixed length control field 00991cam a2200289 a 4500
001 - CONTROL NUMBER
control field 4416353
003 - CONTROL NUMBER IDENTIFIER
control field OSt
005 - DATE AND TIME OF LATEST TRANSACTION
control field 20180117090002.0
008 - FIXED-LENGTH DATA ELEMENTS--GENERAL INFORMATION
fixed length control field 930910s1994 nyua 001 0 eng
010 ## - LIBRARY OF CONGRESS CONTROL NUMBER
LC control number 93037143
020 ## - INTERNATIONAL STANDARD BOOK NUMBER
International Standard Book Number 0673993957
020 ## - INTERNATIONAL STANDARD BOOK NUMBER
International Standard Book Number 0673990419 (pbk.)
040 ## - CATALOGING SOURCE
Original cataloging agency DLC
Transcribing agency DLC
Modifying agency DLC
050 00 - LIBRARY OF CONGRESS CALL NUMBER
Classification number HB171.5
Item number .G8245 1994
082 00 - DEWEY DECIMAL CLASSIFICATION NUMBER
Classification number 330
Edition number 20
100 1# - MAIN ENTRY--PERSONAL NAME
Personal name Gregory, Paul R.
245 10 - TITLE STATEMENT
Title Economics /
Statement of responsibility, etc. Paul R. Gregory, Roy J. Ruffin.
260 ## - PUBLICATION, DISTRIBUTION, ETC.
Place of publication, distribution, etc. New York :
Name of publisher, distributor, etc. HarperCollins College Publishers,
Date of publication, distribution, etc. c1994.
300 ## - PHYSICAL DESCRIPTION
Extent xxviii, 668 p. :
Other physical details ill. ;
Dimensions 27 cm.
500 ## - GENERAL NOTE
General note Includes indexes.
650 #0 - SUBJECT ADDED ENTRY--TOPICAL TERM
Topical term or geographic name entry element Economics.
700 1# - ADDED ENTRY--PERSONAL NAME
Personal name Ruffin, Roy,
Dates associated with a name 1938-
906 ## - LOCAL DATA ELEMENT F, LDF (RLIN)
a 7
b cbc
c orignew
d 1
e ocip
f 19
g y-gencatlg
942 ## - ADDED ENTRY ELEMENTS (KOHA)
Source of classification or shelving scheme
Koha item type Book
Holdings
Withdrawn status Lost status Source of classification or shelving scheme Damaged status Not for loan Collection code Permanent Location Current Location Shelving location Date acquired Total Checkouts Total Renewals Full call number Barcode Date last seen Date last checked out Price effective from Koha item type
            Central Library (CL) Central Library (CL) General Stacks 05/27/2016 1 3 330 GRE S3H-N-637 02/11/2026 09/09/2025 05/27/2016 Book
© 2023 Central Library, National University of Sciences and Technology. All Rights Reserved.